|
|
|
|
| LEADER |
00932nam a2200289 4500 |
| 001 |
000014577 |
| 003 |
10947 |
| 005 |
20120508080515.0 |
| 008 |
120508s1987 viesd |
| 020 |
|
|
|c 50000đ
|
| 041 |
0 |
|
|a vie
|
| 082 |
|
|
|a 891.73
|b Anh
|
| 245 |
|
0 |
|a Anh, em, hắn ta, và...
|b Tập truyện ngắn Liên xô
|
| 260 |
|
|
|a QN - ĐN
|b Hội văn học nghệ thuật QN - ĐN
|c 1987
|
| 300 |
|
|
|a 295tr
|c 19cm
|
| 653 |
|
|
|a Truyện ngắn
|
| 653 |
|
|
|a Liên xô
|
| OWN |
|
|
|a LSP
|
| AVA |
|
|
|a UDN50
|b LSP
|d 891.73 Anh
|e available
|t Error 5001 Not defined in file expand_doc_bib_avail.
|f 1
|g 0
|h N
|i 0
|k 1
|
| 999 |
|
|
|a From the UDN01
|
| AVA |
|
|
|a UDN50
|b LSP
|d 891.73 Anh
|e available
|t Error 5001 Not defined in file expand_doc_bib_avail.
|f 1
|g 0
|h N
|i 0
|k 1
|
| TYP |
|
|
|a Monograph
|
| TYP |
|
|
|a Printed language
|
| 980 |
|
|
|a Mạng thư viện Đại học Đà Nẵng
|